Gaming Quiz

Random Gaming or Pokémon Quiz

Pokemon Status Type Moves Quiz Stats

 Plays Quiz not verified by Sporcle

Score 0/169 Timer 20:00
0 Plays Today
Move Type Move Name % Correct
PoisonPoisonpowder
98.3%
PoisonToxic
97.7%
????Curse
95.4%
GrassSleep Powder
94.8%
GrassStun Spore
94.8%
ElectricThunder Wave
94.2%
GhostConfuse Ray
93.6%
GrassSpore
93.6%
BugString Shot
91.9%
DragonDragon Dance
91.3%
IceHaze
91.3%
NormalGrowl
91.3%
PsychicAgility
90.8%
PsychicHypnosis
90.2%
FireSunny Day
89.6%
IceHail
89.6%
IceMist
89.6%
NormalSing
89.6%
WaterRain Dance
89.6%
FireWill-o-wisp
89%
NormalRecover
89%
RockSandstorm
89%
FlyingRoost
88.4%
GrassLeech Seed
88.4%
PsychicLight Screen
88.4%
PsychicTrick
88.4%
NormalProtect
87.9%
PoisonToxic Spikes
87.9%
GroundSpikes
87.3%
NormalHarden
87.3%
NormalDouble Team
86.7%
NormalRoar
86.7%
NormalTail Whip
86.7%
SteelIron Defense
86.7%
NormalDefense Curl
86.1%
NormalSwords Dance
86.1%
PsychicBarrier
86.1%
PsychicReflect
86.1%
ElectricCharge
85.5%
GroundSand-attack
85.5%
NormalScreech
85.5%
NormalSwagger
85.5%
NormalWhirlwind
85.5%
PoisonAcid Armor
85.5%
DarkNasty Plot
85%
FightingBulk Up
85%
FightingDetect
85%
NormalLeer
85%
PsychicAmnesia
85%
NormalHowl
83.8%
NormalMinimize
83.8%
PoisonPoison Gas
83.8%
PsychicRest
83.8%
WaterWithdraw
83.8%
DarkTaunt
83.2%
NormalCharm
83.2%
PsychicTrick Room
83.2%
Move Type Move Name % Correct
WaterAqua Ring
83.2%
NormalAttract
82.7%
NormalBaton Pass
82.7%
NormalConversion
82.7%
NormalSupersonic
82.7%
PsychicCalm Mind
82.7%
BugHeal Order
82.1%
NormalConversion 2
82.1%
PsychicKinesis
82.1%
BugDefend Order
81.5%
GrassAromatherapy
81.5%
GrassIngrain
81.5%
DarkDark Void
80.9%
GroundMud Sport
80.9%
NormalGlare
80.9%
NormalMoonlight
80.9%
NormalStockpile
80.9%
NormalWish
80.9%
PsychicPower Swap
80.9%
FlyingFeatherdance
80.3%
FlyingTailwind
80.3%
GrassSynthesis
80.3%
NormalMetronome
80.3%
NormalScary Face
80.3%
PsychicTeleport
80.3%
DarkTorment
79.8%
FlyingDefog
79.8%
GhostDestiny Bond
79.8%
NormalBelly Drum
79.8%
NormalFlash
79.8%
NormalFocus Energy
79.8%
NormalSafeguard
79.8%
NormalSoftboiled
79.8%
NormalSwallow
79.8%
RockStealth Rock
79.8%
GhostGrudge
79.2%
GrassGrasswhistle
79.2%
NormalSweet Kiss
79.2%
NormalSweet Scent
79.2%
NormalTransform
79.2%
PsychicGuard Swap
79.2%
NormalEncore
78.6%
NormalGrowth
78.6%
NormalSmokescreen
78.6%
NormalSubstitute
78.6%
RockRock Polish
78.6%
WaterWater Sport
78.6%
DarkFlatter
78%
GhostSpite
78%
NormalAcupressure
78%
NormalHeal Bell
78%
NormalMean Look
78%
NormalPsych Up
78%
PsychicImprison
78%
PsychicLunar Dance
78%
DarkEmbargo
77.5%
ElectricMagnet Rise
77.5%
Move Type Move Name % Correct
FlyingMirror Move
77.5%
NormalBlock
77.5%
PsychicGravity
77.5%
BugTail Glow
76.9%
GrassCotton Spore
76.9%
NormalForesight
76.9%
NormalLovely Kiss
76.9%
NormalSharpen
76.9%
PsychicHeal Block
76.9%
DarkMemento
76.3%
DarkSwitcheroo
76.3%
NormalEndure
76.3%
NormalMilk Drink
76.3%
NormalPerish Song
76.3%
NormalYawn
76.3%
PsychicHealing Wish
76.3%
NormalHelping Hand
75.7%
NormalMimic
75.7%
NormalMorning Sun
75.7%
PsychicCosmic Power
75.7%
PsychicSkill Swap
75.7%
BugSpider Web
75.1%
NormalDisable
75.1%
NormalSplash
75.1%
NormalFollow Me
74.6%
NormalLock-on
74.6%
PsychicHeart Swap
74.6%
PsychicMeditate
74.6%
SteelMetal Sound
74.6%
DarkFake Tears
74%
NormalCamouflage
73.4%
NormalCaptivate
73.4%
NormalAssist
72.8%
NormalSleep Talk
72.8%
NormalTeeter Dance
72.8%
GrassWorry Seed
72.3%
NormalOdor Sleuth
72.3%
PsychicMagic Coat
72.3%
PsychicPower Trick
71.7%
NormalRefresh
71.1%
PsychicMiracle Eye
71.1%
PsychicRole Play
70.5%
NormalLucky Chant
69.9%
NormalMe First
69.4%
DarkSnatch
68.8%
NormalCopycat
68.2%
PsychicPsycho Shift
68.2%
NormalPain Split
67.6%
NormalSketch
67.1%
NormalRecycle
66.5%
NormalMind Reader
65.9%
NormalSlack Off
65.3%
NormalTickle
65.3%
PoisonGastro Acid
64.2%
NormalNature Power
63%

You're not logged in!

Compare scores with friends on all Sporcle quizzes.
OR
Log In

Show Comments

Extras

Created Nov 24, 2010ReportNominate
Tags:Pokémon Quiz, State Quiz

Top Quizzes Today


Score Distribution

Your Account Isn't Verified!

In order to create a playlist on Sporcle, you need to verify the email address you used during registration. Go to your Sporcle Settings to finish the process.

Report this User

Report this user for behavior that violates our Community Guidelines.

Details: